| 000 | 00000nas##2200000za#4500 |
| 001 | 9.508755 |
| 003 | CaOODSP |
| 005 | 20200325101632 |
| 007 | ta |
| 008 | 150406c1998||||xxc|| p #||||f| |0fre|d |
| 040 | |aCaOODSP|bfre |
| 041 | |aeng |
| 041 | |afre |
| 043 | |an-cn--- |
| 086 | 1 |aT12-7 |
| 110 | 1 |aCanada. |bTransports Canada. |
| 245 | 10|aSécurité maritime en rubrique / |cPublié par Groupe de la sécurité et sûreté. |
| 260 | |aOttawa - Ontario : |bTransports Canada |
| 310 | |aTrimestriel |
| 362 | 1 |aVol. 1, n° 1, mars 1997 -- N° 10, automne 2002) |
| 546 | |aBilingue |
| 563 | |aCouverture souple |
| 776 | 0#|tSécurité maritime en rubrique / |w(CaOODSP)9.503252 |
| 776 | 0#|tMarine safety review / |w(CaOODSP)9.506856 |
| 791 | |tMarine safety review / |eeng|w(CaOODSP)9.508754 |